| 000 | 00514 a2200193 4500 | ||
|---|---|---|---|
| 245 | _aComptabilité des sociétés selon le SYSCOA : tome 1 : Cours - Illustrations - Exercices | ||
| 300 | _a459 p. | ||
| 650 | _aComptabilité de gestion : plan comptable SYSCOA | ||
| 260 | _c2000 | ||
| 300 | _b30cm | ||
| 100 | _lFr | ||
| 630 | _a657 - Comptabilité | ||
| 037 | _aDE 9659 | ||
| 037 | _b1, Achat | ||
| 650 | _a6 - SCIENCES APPLIQUEES | ||
| 100 | _aFreitas, Christophe Mensah | ||
| 999 |
_c43281 _d43281 |
||